000 00786nam a2200217 i 4500
001 116672
003 ES-MaACL
005 20230906190740.0
007 t|
008 061121s1920 sp r ||||1| spa d
080 _a347.625.2(7/8)(091)
100 1 _aOts Capdequí, José María.
_987937
245 1 0 _aBosquejo histórico de los derechos de la mujer en la legislación de Indias /
_cJosé María Ots Capdequi.
260 _aMadrid :
_bReus,
_c1920.
300 _aIV, 220 p. ;
_c23 cm.
490 1 _aBiblioteca de la "Revista general de legislación y jurisprudencia" ;
_v23
650 4 _aMujeres-
_zAmérica española.
_9168821
830 1 _aBiblioteca de la "Revista general de legislación y jurisprudencia" ;
_v23
_9182870
852 4 _aES-MaACL
_jB-5971
999 _c116672
_d116672